LEADER 00686nam0 2200241 450 001 000024036 005 20090306105421.0 100 $a20090306d1968----km-y0itay50------ba 101 0 $aita 102 $aIT 105 $aaf------001yy 200 1 $aModellismo navale$fMarco Pagani 210 $aMilano$cDe Vecchi$d[1968] 215 $a130 p., [22] c. di tav.$cill.$d18 cm 500 10$aModellismo navale$945205 610 1 $aNavi$aModelli 676 $a623.82$v18$9Navi 700 1$aPagani,$bMarco$080759 801 0$aIT$bUNIPARTHENOPE$c20090307$gRICA$2UNIMARC 912 $a000024036 951 $aS 623.820 1$bS 468$cDSA$d2009 996 $aModellismo navale$945205 997 $aUNIPARTHENOPE LEADER 01636nam0 2200373 i 450 001 VAN0113840 005 20230705094206.822 017 70$2N$a9783319238838 100 $a20180122d2015 |0itac50 ba 101 $aeng 102 $aCH 105 $a|||| ||||| 200 1 $aˆA ‰user?s guide to network analysis in R$fDouglas A. Luke 210 $a[Cham]$cSpringer$d2015 215 $aXII, 238 p.$cill.$d24 cm 410 1$1001VAN0102661$12001 $aUse R!$1210 $aBerlin [etc.]$cSpringer 500 1$3VAN0234823$aˆA ‰user?s guide to network analysis in R$91522803 606 $a92-XX$xBiology and other natural sciences [MSC 2020]$3VANC020839$2MF 606 $a92C42$xSystems biology, networks [MSC 2020]$3VANC029020$2MF 606 $a05C90$xApplications of graph theory [MSC 2020]$3VANC031097$2MF 610 $aMathematical visualization$9KW:K 610 $aNetwork analysis$9KW:K 610 $aR software$9KW:K 620 $aCH$dCham$3VANL001889 700 1$aLuke$bDouglas A.$3VANV087932$0496080 712 $aSpringer $3VANV108073$4650 801 $aIT$bSOL$c20240614$gRICA 856 4 $uhttp://dx.doi.org/10.1007/978-3-319-23883-8$zE-book ? Accesso al full-text attraverso riconoscimento IP di Ateneo, proxy e/o Shibboleth 899 $aBIBLIOTECA DEL DIPARTIMENTO DI MATEMATICA E FISICA$1IT-CE0120$2VAN08 912 $fN 912 $aVAN0113840 950 $aBIBLIOTECA DEL DIPARTIMENTO DI MATEMATICA E FISICA$d08CONS e-book 0054 $e08eMF54 20180122 996 $aUser?s guide to network analysis in R$91522803 997 $aUNICAMPANIA